| 000 | 00694cab a2200217 4500 | ||
|---|---|---|---|
| 001 | WB3207-56 | ||
| 008 | 090401t1996 xxu||||| |||| 00| 0 eng d | ||
| 035 | _a(Sirsi) u28183 | ||
| 041 | _aeng | ||
| 245 | _aTaxing issue of renting out furnished property | ||
| 260 | _c1996 | ||
| 350 | _a0 | ||
| 490 |
_aHerald _v10 February 1996, 22(1) |
||
| 520 | _aA clear statement on the differences between letting furnished accommodation and letting property on a holiday letting. States criteria and tax differences for both forms of letting. | ||
| 650 | _aHOLIDAY LETTINGS | ||
| 650 | _aRENTED HOUSING | ||
| 650 | _aTAX LIABILITY | ||
| 690 | _aTAXATION | ||
| 942 | _n0 | ||
| 948 | _c04/03/1997 | ||
| 999 |
_c19003 _d19003 |
||